000 00455nam a22001937a 4500
001 sjds
003 sjds
005 20240203174321.0
008 240203b |||||||| |||| 00| 0 spa d
020 _a8427211376
020 _a9788427211377
040 _csjds
041 _aspa
100 1 _aGrey, Zane
245 _aPueblo perdido /
_cZane Grey.
260 _aBarcelona,
_b Editorial Molino,
_c[1988?]
300 _a253 pages ;
_c17 cm
942 _cBK
999 _c29070
_d29068